000 00415nam a2200157Ia 4500
008 200103s9999||||xx |||||||||||||| ||und||
020 _a8172244185
040 _aIMU-MPC
082 _aColumn-57
100 _aLobanoff, Val S. and Ross, Robert R.
245 0 _aCentrifugal Pumps: Design & Application
250 _a2nd ed.
260 _bJaico Publishing House, Bombay
_c1996
300 _axii, 577
942 _cBK
999 _c10640
_d10640